| 000 | 01047 a2200241 4500 | ||
|---|---|---|---|
| 020 | _a1555420613 | ||
| 020 | _a9781555420611 | ||
| 082 | 0 | 4 | _a658.4092 |
| 090 |
_c2704 _d2704 |
||
| 100 | 1 | _aKouzes, James M. | |
| 245 | 1 | 4 |
_aThe leadership challenge : _bhow to get extraordinary things done in organizations / _cJames M. Kouzes. |
| 250 | _a1st ed. | ||
| 260 |
_a[S.l.] : _bJossey-Bass, _c1987. |
||
| 300 |
_a362 p. ; _c23 cm. |
||
| 490 | 1 | _aJossey-bass management series. | |
| 500 | _aHardcover. | ||
| 520 | _aThrough research, interviews and the experience of hundreds of managers, Kouzes and Posner show how leadership can be learned and mastered by all. "Readable, interesting, and up-to-date. Highly recommended."--Library Journal. | ||
| 700 | 1 | _aPosner, Barry Z. | |
| 830 | 0 | _aJossey-bass management series. | |
| 856 | 4 | 0 |
_3Amazon.com _uhttp://www.amazon.com/exec/obidos/ASIN/1555420613/chopaconline-20 |
| 856 | 4 | 0 |
_3Amazon customer reviews _uhttp://www.chopac.org/cgi-bin/tools/azrev.pl?q=1555420613 |
| 942 |
_aNBS _cBK _k658.4092 LOU |
||
| 999 |
_c345195 _d345195 |
||